| 000 | 00783nam a2200229 4500 | ||
|---|---|---|---|
| 003 | OSt | ||
| 005 | 20260601171002.0 | ||
| 008 | 260422b1963\\\\nyua||||\||||\00|\0\eng\d | ||
| 040 |
_aICI _bspa _cICI |
||
| 050 |
_aNA9031 _bC42 |
||
| 100 | 1 |
_aChermayeff, Sergius Ivan, _d1900-, _931531 |
|
| 245 | 1 |
_aCommunity and privacy : _bToward a new architecture of humanism / _cBy serge chermayeff and christopher Alexander. |
|
| 264 |
_bA Doubleday Anchor Book _c1965 _aGarden City, New York, : |
||
| 300 |
_a255 páginas _c18 cm |
||
| 336 |
_atexto _2rdacontent |
||
| 337 |
_asin medio _2rdamedia |
||
| 338 |
_avolumen _2rdacarrier |
||
| 650 |
_aArquitectura doméstica _xDiseños y planos _914192 |
||
| 650 |
_aUrbanismo _9788 |
||
| 700 | 1 |
_aAlexander, Christopher, _eautor |
|
| 942 |
_2lcc _cB _n1 |
||
| 999 |
_c20101 _d20101 |
||